Statistics for Formula One 2019 Quiz

Click here to take the quiz!

General Stats

  • This quiz has been taken 693 times
    (690 since last reset)
  • The average score is 65 of 92

Answer Stats

Answer% Correct
United Kingdom
95%
United Kingdom
95%
Germany
93%
Germany
93%
Ferrari
92%
Mercedes
92%
Monaco
92%
Monaco
92%
France
91%
France
91%
Lewis Hamilton
91%
Red Bull
91%
Australia
90%
Australia
90%
Charles Leclerc
90%
Max Verstappen
90%
Spain
90%
Valtteri Bottas
90%
Finland
89%
Italy
88%
McLaren
88%
Netherlands
88%
Renault
88%
Sebastian Vettel
88%
Williams
88%
Canada
87%
Haas
87%
Lando Norris
87%
Mexico
87%
Alfa Romeo
86%
Carlos Sainz
86%
Daniel Ricciardo
86%
George Russell
86%
Pierre Gasly
86%
Sergio Perez
86%
Kevin Magnussen
85%
Russia
85%
Toro Rosso
85%
Lance Stroll
84%
Nico Hulkenberg
84%
Alexander Albon
83%
Racing Point
83%
Kimi Raikkonen
82%
Denmark
81%
Thailand
81%
USA
81%
Romain Grosjean
80%
Bahrain
78%
Brazil
78%
Antonio Giovinazzi
77%
Daniil Kvyat
77%
Robert Kubica
76%
Poland
75%
Belgium
74%
China
74%
Japan
74%
Singapore
72%
Austria
71%
Autodromo Nazionale Monza
70%
Silverstone Circuit
70%
Azerbaijan
69%
United Arab Emirates
68%
Hungary
67%
Melbourne Grand Prix Circuit
67%
Circuit de Barcelona-Catalunya
62%
Baku City Circuit
61%
Circuit Paul Ricard
58%
Red Bull Ring
57%
Yas Marina Circuit
57%
Circuit de Monaco
56%
Sochi Autodrom
56%
Suzuka International Racing Course
55%
Hungaroring
54%
Circuit of the Americas
52%
Shanghai International Circuit
52%
Bahrain International Circuit
50%
Marina Bay Street Circuit
47%
Hockenheimring
45%
Circuit de Spa-Francorchamps
44%
RB15
37%
W10
37%
Circuit Gilles Villeneuve
36%
Autodromo Hermanos Rodriguez
27%
SF90
25%
Autodromo Jose Carlos Pace
22%
MCL34
22%
FW42
20%
RP19
20%
C38
18%
R.S.19
18%
STR14
18%
VF-19
17%

Score Distribution

Percentile by Number Answered

Percent of People with Each Score

Your Score History

You have not taken this quiz since the last reset